| 000 | 00704pam a2200229 a 4500 | ||
|---|---|---|---|
| 001 | 2842374 | ||
| 005 | 20130325122311.0 | ||
| 008 | 840927s1985 nyua b 001 0 eng | ||
| 010 | _a 84022177 | ||
| 020 | _a0471888478 | ||
| 020 | _a9780471888475 | ||
| 082 | 0 | 0 |
_a621.3121 _222 _bLIP |
| 100 | 1 |
_aLi, Kam W. _923231 |
|
| 245 | 1 | 0 |
_aPower Plant System Design / _cKam W. Li, A. Paul Priddy. |
| 260 |
_aNew York : _bWiley, 1985 _cc1985. |
||
| 300 |
_ax, 641 p. : _bill. ; _c24 cm. |
||
| 504 | _aIncludes bibliographical references and index. | ||
| 650 | 0 |
_aElectric power-plants _xDesign and construction. _923232 |
|
| 653 |
_bChe _cMarch2013 |
||
| 700 | 1 |
_aPriddy, A. Paul. _923233 |
|
| 942 |
_2ddc _cBB |
||
| 999 |
_c15153 _d15153 |
||